00859cam a2200289 a 45000010005000000030006000050050017000110080041000280100017000690200017000860200018001030400023001210420009001440500023001530820013001761000021001892450041002102500037002512600040002883000022003285050007003505200129003575210019004865210018005056500026005236500020005493995FISKH20250507080300.0941102s1995 cau j 000 1 eng  a 94043348  a0152008438 : a9780152057503 aDLCcDLCdDLCbeng alcac00aPZ7.R982bVan 1995 a808.899 1 aRylant, Cynthia.14aThe Van Gogh Cafe /cCynthia Rylant. aFirst Harcourt Paperback in 2006 aNew York :bHarcourt Brace,c1995. a53 pages ;c20 cm aU  aThe Van Gogh Cafe, located in Flowers, Kansas, has magic in its walls, causing strange and mysterious events to occur there.8 a810 bLexile 8 aU bRaz-Plus  1aRestaurantszFiction. 1aMagiczFiction.